Empirical studies on Malaysian rice sector's TFP, technological change biases and price-support programs /
Saved in:
| 主要作者: | |
|---|---|
| 格式: | Thesis |
| 语言: | English |
| 出版: |
Japan :
University of Tsukuba,
1996
|
| 主题: | |
| 标签: |
添加标签
没有标签, 成为第一个标记此记录!
|
| LEADER | 013340000a22003370004500 | ||
|---|---|---|---|
| 001 | 151529 | ||
| 005 | 20070614233900.0 | ||
| 008 | 970929s1996 ja g m 000 0 eng d | ||
| 035 | |a 499374 | ||
| 035 | |a (Sirsi) 151529 | ||
| 040 | |a UIAM |b eng |e rda | ||
| 043 | |a a-my--- | ||
| 050 | 0 | |a HD9066.M4 | |
| 100 | 0 | |a Naziruddin Abdullah, |e author | |
| 245 | 1 | 0 | |a Empirical studies on Malaysian rice sector's TFP, technological change biases and price-support programs / |c by Naziruddin Abdullah |
| 264 | 1 | |a Japan : |b University of Tsukuba, |c 1996 | |
| 300 | |a 80 pages : |b illustrations ; |c 30 cm. | ||
| 336 | |2 rdacontent |a text | ||
| 337 | |2 rdamedia |a unmediated | ||
| 338 | |2 rdacarrier |a volume | ||
| 500 | |a Includes bibliographical references. | ||
| 502 | |a Thesis(Ph. D)--University of Tsukuba, 1996. | ||
| 596 | |a 1 | ||
| 650 | 0 | |a Rice |x Planting |z Malaysia | |
| 650 | 0 | |a Rice farmers |z Malaysia | |
| 655 | 0 | 7 | |a Theses, non-IIUM |
| 710 | 2 | |a University of Tsukuba | |
| 900 | |a fiz-sa | ||
| 999 | |c 431140 |d 462631 | ||
| 952 | |0 0 |6 LU T HD 9066 M4 N335E 1996 |7 0 |8 THESES |9 750822 |a IIUM |b IIUM |c CLOSEACCES |g 0.00 |o lu t HD 9066 M4 N335E 1996 |p 00010981494 |r 2017-11-01 |t 1 |v 0.00 |y THESIS | ||
| 952 | |0 0 |6 T HD 009066 M4 N335E 1996 |7 0 |8 THESES |9 750823 |a IIUM |b IIUM |c MULTIMEDIA |g 0.00 |o t HD 9066 M4 N335E 1996 |p 00000499376 |r 2017-10-19 |t 2 |v 0.00 |y THESIS | ||
